№ 6 (106); Speak Out

Bibliographische Detailangaben
Parent link:Speak Out: журнал для изучающих английский язык. № 6 (106).— , 2006-
Sprache:Englisch
Russisch
Veröffentlicht: 2014
Format: MixedMaterials Buch
KOHA link:https://koha.lib.tpu.ru/cgi-bin/koha/opac-detail.pl?biblionumber=544149

MARC

LEADER 00000nam2a2200000 4500
001 544149
005 20231101115403.0
035 |a (RuTPU)RU\TPU\prd\235859 
090 |a 544149 
100 |a 20150507a19969999m y0rusy50 ca 
101 0 |a eng  |a rus 
102 |a RU 
200 0 |a № 6 (106) 
210 |d 2014 
461 1 |0 (RuTPU)RU\TPU\prd\107  |t Speak Out  |o журнал для изучающих английский язык  |v № 6 (106)  |d 2006- 
801 0 |a RU  |b 63413507  |c 20010227  |g PSBO 
801 1 |a RU  |b 63413507  |c 20150507 
801 2 |a RU  |b 63413507  |c 20150507  |g RCR 
942 |c BK 
999 |a НТБ_ТПУ  |b ЧЗИЛ  |e -1/20150112  |p П-9198  |s 3/20140704  |u 0,00  |v 1  |y 13821000775850